Interpretación de los espectros de masas / (Record no. 168539)

MARC details
000 -LEADER
campo de control de longitud fija 00541nam a22001575i 4500
001 - NÚMERO DE CONTROL
campo de control 168539
003 - IDENTIFICADOR DE NÚMERO DE CONTROL
campo de control ES-MaACL
005 - FECHA Y HORA DE LA ÚLTIMA TRANSACCIÓN
campo de control 20230906213821.0
008 - DATOS DE LONGITUD FIJA--INFORMACIÓN GENERAL
campo de control de longitud fija 080417s1969 sp |||| | spa d
100 1# - ENTRADA PRINCIPAL--NOMBRE DE PERSONA
Nombre de persona Mac Lafferty, Fred W.
9 (RLIN) 137627
245 10 - MENCIÓN DEL TÍTULO
Título Interpretación de los espectros de masas /
Mención de responsabilidad, etc. F. W. McLaferty ; [versión española de Juan Mª. Salietti Vinue].
260 ## - PUBLICACIÓN, DISTRIBUCIÓN, ETC.
Lugar de publicación, distribución, etc. Barcelona :
Nombre del editor, distribuidor, etc. Reverté,
Fecha de publicación, distribución, etc. [1969]
300 ## - DESCRIPCIÓN FÍSICA
Extensión XVI, 228 p. ;
Dimensiones 22 cm.
700 1# - ENTRADA AGREGADA--NOMBRE PERSONAL
Nombre de persona Salietti Vinué, Juan María.
9 (RLIN) 101923
852 ## - LOCALIZACIÓN
Ubicación ES-MaACL
Número de control de estantería C-36434
itemnumber R.69749
Holdings
Estatus retirado Estado de pérdida Estado de daño No para préstamo Biblioteca de origen Biblioteca actual Ubicación en estantería Fecha de adquisición Fuente de adquisición Total de préstamos Signatura topográfica completa Código de barras Visto por última vez Precio de reemplazo Tipo de ítem Koha
        Biblioteca del Ateneo de Madrid Biblioteca del Ateneo de Madrid Depósito 2 17/04/2008     C-36434 1176864 23/02/2023 23/02/2023 Libro impreso